| 000 | 00600nam a2200145Ia 4500 | ||
|---|---|---|---|
| 008 | 170221s9999 xx 000 0 und d | ||
| 100 | _aDzhennet A. Durdyeva | ||
| 245 | _aAssessment and Analysis of Resource Approach to Formation of Strategic Potential of Economy of the Region | ||
| 245 | _cDzhennet A. Durdyeva, Oleg L. Taran, Dmitry I. Aslanov, Natalya A. Bindasova, Mariyam I. Borlakova | ||
| 260 | _bInternational Review of Management and Marketing | ||
| 260 | _cFebruary 2015 | ||
| 300 | _a4:1 | ||
| 650 | _xMarketing. | ||
| 856 | _uhttp://www.econjournals.com/index.php/irmm/issue/view/70 | ||
| 999 |
_c310022 _d310022 |
||